A financial analysis of commercial banks, merchant banks and finance companies in Malaysia /
Saved in:
| 主要作者: | |
|---|---|
| 格式: | Thesis 圖書 |
| 語言: | English |
| 出版: |
1984.
|
| 主題: | |
| 標簽: |
添加標簽
沒有標簽, 成為第一個標記此記錄!
|
| LEADER | 01152cam a2200313 4500 | ||
|---|---|---|---|
| 001 | u35671 | ||
| 003 | SIRSI | ||
| 008 | 850208s1984 my mt 0 eng | ||
| 015 | |a X840016164 | ||
| 035 | |a AAD-8409 | ||
| 040 | |a UMM |d UME | ||
| 043 | |a a-my--- | ||
| 050 | 1 | |a HG3300.6 | |
| 090 | 0 | 0 | |a HG3300.6 |b Lim |
| 091 | 0 | 0 | |a Microfiche 9114 |
| 099 | |a HF1008 |b UM 1984 Lim | ||
| 100 | 1 | 0 | |a Lim, Seng. |
| 245 | 1 | 2 | |a A financial analysis of commercial banks, merchant banks and finance companies in Malaysia / |c Lim Seng. |
| 260 | |c 1984. | ||
| 300 | |a xvi, 196 leaves : |b tables ; |c 29cm. | ||
| 500 | |a Also available on microfiche. Kuala Lumpur, Perpustakaan : Univrsiti Malaya, 1984. 4 microfiches : negative ; 11x15cm | ||
| 502 | |a Dissertation (M.B.A.) -- Fakulti Ekonomi dan Pentadbiran, Universiti Malaya, 1984. | ||
| 504 | 0 | 0 | |a Bibliography: leaves 194-196 |
| 650 | 0 | |a Banks and banking |z Malaysia. | |
| 650 | 0 | |a Commercial finance companies |z Malaysia. | |
| 650 | 0 | |a Financial institutions |z Malaysia. | |
| 948 | |a 16/03/1991 |b 31/05/2002 | ||
| 596 | |a 1 | ||
| 999 | |a HG3300.6 LIM |w LC |c 1 |i A504252937 |d 8/11/2001 |l STACKS |m P01UTAMA |n 46 |r Y |s Y |t TESIS |u 18/10/1991 | ||
